[Event "Skopje ol (Men) fin-A"]
[Site "Skopje"]
[Date "1972.10.10"]
[Round "13.3"]
[White "Filip, Miroslav"]
[Black "Liljedahl, Lennart"]
[Result "1-0"]
[WhiteElo "2510"]
[BlackElo "2260"]

1. c4 Nf6 2. Nf3 e6 3. g3 d5 4. Bg2 c6 5. b3 Nbd7 6. Bb2 Bd6 7. O-O O-O 8. Qc2  Qe7 9. Nc3 Ba3 10. Bxa3 Qxa3 11. d4 b6 12. e4 dxe4 13. Nxe4 Nxe4 14. Qxe4 Bb7  15. Rfd1 Rfd8 16. Rd2 a5 17. Qf4 Rac8 18. Rad1 a4 19. Ne5 Nxe5 20. dxe5 Rxd2  21. Qxd2 axb3 22. axb3 Qe7 23. Qd7 Kf8 24. Rd6 Rc7 25. Qd8+ Qxd8 26. Rxd8+ Ke7  27. Rb8 Kd7 28. Kf1 f6 29. f4 fxe5 30. fxe5 Bc8 31. Rxb6 c5 32. Be4 h6 33. Kf2  Ra7 34. Rd6+ Ke7 35. Rc6 Bd7 36. Rxc5 Ra2+ 37. Ke3 Rb2 38. Rc7 Rxb3+ 39. Kd4  Kd8 40. Ra7 Rb2 41. h4 Rb3 42. Kc5 Rxg3 43. Kd6 Bc8 44. Rf7 Ke8 45. Rf2 Bd7 46.  h5 1-0

[Event "Skopje ol (Men) fin-A"]
[Site "Skopje"]
[Date "1972.10.10"]
[Round "13.3"]
[White "Holm, Sejer"]
[Black "Filipowicz, Andrzej"]
[Result "0-1"]
[WhiteElo "2395"]
[BlackElo "2405"]

1. d4 Nf6 2. c4 c5 3. d5 e6 4. Nc3 exd5 5. cxd5 d6 6. e4 g6 7. Be2 Bg7 8. Nf3  O-O 9. O-O Re8 10. Nd2 Na6 11. f3 Nc7 12. a4 b6 13. Nc4 Ba6 14. Bg5 h6 15. Be3  Qd7 16. Qd2 Kh7 17. Rab1 Bxc4 18. Bxc4 a6 19. b4 b5 20. Be2 c4 21. a5 Re7 22.  Rbe1 Qe8 23. Bd4 Qh8 24. Rd1 Nce8 25. Qc2 Nd7 26. Bxg7 Nxg7 27. f4 f5 28. Bf3  fxe4 29. Bxe4 Qe8 30. f5 gxf5 31. Bxf5+ Nxf5 32. Rxf5 Qg6 33. Rdf1 Rf8 34. Qf2  Rxf5 35. Qxf5 Qxf5 36. Rxf5 Kg6 37. Rf3 Nf6 38. Rg3+ Kf7 39. Rf3 Kg6 40. Rg3+  Kf7 41. Rf3 Re5 0-1

[Event "Skopje ol (Men) fin-A"]
[Site "Skopje"]
[Date "1972.10.10"]
[Round "13.3"]
[White "Martz, William E"]
[Black "Radulov, Ivan"]
[Result "1/2-1/2"]
[WhiteElo "2420"]
[BlackElo "2490"]

1. c4 Nf6 2. Nc3 e6 3. Nf3 d5 4. cxd5 exd5 5. d4 Be7 6. Bg5 O-O 7. Qc2 b6 8. e3  Nbd7 9. Ne5 Bb7 10. Nxd7 Nxd7 11. Bxe7 Qxe7 12. Bd3 Nf6 13. O-O c5 14. dxc5  bxc5 15. Rac1 Rfc8 16. Qa4 Qd6 17. Qh4 Rab8 18. Rfd1 Bc6 19. Bf5 Re8 20. Ne4  Rxe4 21. Bxe4 Rb4 22. Bxd5 Nxd5 23. Qg3 Qe7 24. Qf3 g6 25. Rxd5 Rxb2 26. Rcd1  Kg7 27. e4 Bxd5 28. exd5 Qf6 29. Qe3 c4 30. g3 Rxa2 31. d6 Ra1 32. Qe1 Rxd1 33.  Qxd1 c3 34. d7 Qd8 35. Qd4+ f6 36. Qxa7 c2 37. Qc5 Qxd7 38. Qxc2 Qb7 1/2-1/2

[Event "Skopje ol (Men) fin-A"]
[Site "Skopje"]
[Date "1972.10.10"]
[Round "13.3"]
[White "Matulovic, Milan"]
[Black "Schoeneberg, Manfred"]
[Result "1-0"]
[WhiteElo "2525"]
[BlackElo "2470"]

1. e4 c5 2. Nf3 e6 3. b3 Nc6 4. Bb5 Nf6 5. e5 Nd5 6. Bb2 Be7 7. O-O O-O 8. Bxc6  dxc6 9. d3 b5 10. Nbd2 a5 11. Ne4 Qb6 12. c4 Nb4 13. a3 Na6 14. Nf6+ gxf6 15.  exf6 Qd8 16. fxe7 Qxe7 17. Ne5 f6 18. Nxc6 Qg7 19. cxb5 Nc7 20. a4 Nd5 21. Qf3  Bd7 22. Rac1 Bxc6 23. bxc6 Rab8 24. d4 cxd4 25. Rfd1 Rbc8 26. Rxd4 Kh8 27. Rdc4  Qg6 28. h4 Rc7 29. Be5 Rcc8 30. Bb2 Rc7 31. Rc5 Qh6 32. g3 Rd8 33. Rxa5 1-0

[Event "Skopje ol (Men) fin-A"]
[Site "Skopje"]
[Date "1972.10.10"]
[Round "13.3"]
[White "Toran Albero, Roman"]
[Black "Tal, Mikhail "]
[Result "0-1"]
[WhiteElo "2420"]
[BlackElo "2625"]

1. Nf3 f5 2. c4 Nf6 3. g3 d6 4. d4 c6 5. Nc3 Qc7 6. d5 g6 7. Bg2 Bg7 8. O-O O-O  9. Nd4 c5 10. Nc2 Nbd7 11. Rb1 a6 12. b3 Ne5 13. Bb2 Rb8 14. f4 Nf7 15. Qd3 b5  16. Ne3 Bd7 17. Ncd1 Qa5 18. Ra1 Rb7 19. Nf2 Qc7 20. Bc3 a5 21. Rab1 a4 22. h3  Rfb8 23. Qc2 Qc8 24. Rfe1 Qf8 25. Nf1 Nh5 26. cxb5 Rxb5 27. Kh2 e5 28. dxe6  Bxe6 29. Nd2 axb3 30. axb3 d5 31. e3 Nf6 32. Bf1 R5b6 33. Rbc1 Rc8 34. Ra1 Qd6  35. Ra7 Rcb8 36. Ra3 h5 37. Nd3 d4 38. Bb2 Ne4 39. Nc4 Bxc4 40. Qxc4 Nd2 41.  Qd5 0-1

[Event "Skopje ol (Men) fin-A"]
[Site "Skopje"]
[Date "1972.10.10"]
[Round "13.3"]
[White "Wirthensohn, Heinz"]
[Black "Hartoch, Robert G"]
[Result "0-1"]
[WhiteElo "2315"]
[BlackElo "2430"]

1. c4 Nf6 2. Nf3 g6 3. Nc3 d5 4. cxd5 Nxd5 5. Qa4+ Bd7 6. Qh4 Bc6 7. g3 Bg7 8.  Bg2 O-O 9. Nxd5 Bxd5 10. d3 e6 11. Bg5 f6 12. Bd2 e5 13. O-O Nc6 14. Bc3 f5 15.  Qa4 Nd4 16. Bxd4 exd4 17. Rfc1 Re8 18. Rc2 c6 19. Re1 Bf7 20. b4 a6 21. Nd2 Qf6  22. Nb3 Re7 23. Nc5 Rf8 24. Qa3 g5 25. Qb2 Bg6 26. a4 Qd6 27. Bf3 Kh8 28. Rb1  g4 29. Bg2 f4 30. Qb3 f3 31. exf3 gxf3 32. Bh3 Bf7 33. Qb2 Bd5 34. Bf1 Rfe8 35.  Rcc1 h5 36. h4 Be5 37. Qd2 Bxg3 38. Ne4 Bxe4 39. dxe4 Bf4 40. Qd3 Rg7+ 41. Kh1  Reg8 42. Bh3 Rg2 0-1

[Event "Skopje ol (Men) fin-A"]
[Site "Skopje"]
[Date "1972.10.10"]
[Round "13.4"]
[White "Csom, Istvan"]
[Black "Ghizdavu, Dumitru"]
[Result "1/2-1/2"]
[WhiteElo "2485"]
[BlackElo "2385"]

1. Nf3 g6 2. g3 Bg7 3. d4 c5 4. c4 Nc6 5. d5 Na5 6. Nfd2 b5 7. cxb5 d6 8. Nc3  Nf6 9. Bg2 O-O 10. Rb1 a6 11. O-O axb5 12. Nxb5 Ba6 13. a4 Qd7 14. b4 cxb4 15.  Rxb4 Rab8 16. Nb3 Bxb5 17. axb5 Rxb5 18. Rxb5 Qxb5 1/2-1/2

[Event "Skopje ol (Men) fin-A"]
[Site "Skopje"]
[Date "1972.10.10"]
[Round "13.4"]
[White "Dueball, Juergen"]
[Black "Debarnot, Roberto Luis"]
[Result "1/2-1/2"]
[WhiteElo "2425"]
[BlackElo "2375"]

1. e4 e6 2. d4 d5 3. Nc3 Nf6 4. Bg5 dxe4 5. Nxe4 Be7 6. Bxf6 gxf6 7. Nf3 b6 8.  Bc4 Bb7 9. Qe2 Nd7 10. O-O-O c6 11. Rhe1 Qc7 12. Kb1 O-O-O 13. Ba6 Rhg8 14. g3  f5 15. Ned2 Rg4 16. h3 Rgg8 17. Bxb7+ Kxb7 18. Nc4 Bf6 19. Nfe5 Nxe5 20. dxe5  Be7 21. Qh5 Rxd1+ 22. Rxd1 Rd8 23. Nd6+ 1/2-1/2

[Event "Skopje ol (Men) fin-A"]
[Site "Skopje"]
[Date "1972.10.10"]
[Round "13.4"]
[White "Karpov, Anatoly"]
[Black "Visier Segovia, Fernando"]
[Result "1-0"]
[WhiteElo "2630"]
[BlackElo "2365"]

1. e4 c5 2. Nf3 e6 3. d4 cxd4 4. Nxd4 a6 5. Bd3 Qc7 6. O-O Nc6 7. Nxc6 bxc6 8.  f4 d5 9. Nd2 Nf6 10. Qe2 Be7 11. b3 O-O 12. Bb2 a5 13. Rf3 Ba6 14. c3 Rfe8 15.  Raf1 g6 16. Kh1 a4 17. Rh3 axb3 18. axb3 Bb7 19. Bb1 dxe4 20. Nxe4 Nxe4 21.  Bxe4 Ra2 22. Bb1 Rxb2 23. Qxb2 c5 24. Qe2 Rd8 25. Rd3 Rxd3 26. Bxd3 Qc6 27. Re1  Bh4 28. Be4 Qb6 29. Rb1 Bf6 30. Bxb7 Qxb7 31. Qd3 Qb6 32. c4 Be7 33. Qc3 Qc7  34. Rf1 Bd6 35. Qe3 h5 36. g3 Be7 37. h3 Bf6 38. g4 hxg4 39. hxg4 Kg7 40. Qf3  Qc8 41. Kg2 Qa6 42. Kh3 Qc8 43. Rd1 Qh8+ 44. Kg2 Qc8 45. Rd6 Qb8 46. Rd7 Bd4  47. f5 exf5 48. gxf5 1-0

[Event "Skopje ol (Men) fin-A"]
[Site "Skopje"]
[Date "1972.10.10"]
[Round "13.4"]
[White "Sydor, Andrzej"]
[Black "Pedersen, Eigil"]
[Result "1/2-1/2"]
[WhiteElo "2390"]
[BlackElo "2370"]

1. f4 g6 2. e4 Bg7 3. Nf3 c5 4. d3 d5 5. Nbd2 Nc6 6. Be2 e6 7. O-O Nge7 8. Qe1  b6 9. Rf2 Qc7 10. Nf1 Nd4 11. Bd1 Nxf3+ 12. Bxf3 O-O 13. Ne3 Bb7 14. e5 h5 15.  h3 d4 16. Nc4 Bxf3 17. Rxf3 Qc6 18. Nd6 Nf5 19. Ne4 h4 20. Qe2 Rac8 21. b3 b5  22. a4 a6 23. Rf1 Rfd8 24. Bd2 c4 25. axb5 axb5 26. bxc4 bxc4 27. Rfb1 c3 28.  Be1 Ra8 29. Qg4 Rxa1 30. Rxa1 Ra8 31. Rxa8+ Qxa8 32. Bxh4 Qa1+ 33. Kh2 Ne3 34.  Qg5 Nf1+ 35. Kg1 Nd2+ 36. Kh2 Nf1+ 37. Kg1 1/2-1/2

[Event "Skopje ol (Men) fin-A"]
[Site "Skopje"]
[Date "1972.10.10"]
[Round "13.4"]
[White "Uddenfeldt, Dan"]
[Black "Trapl, Jindrich"]
[Result "0-1"]
[WhiteElo "2270"]
[BlackElo "2315"]

1. d4 Nf6 2. c4 g6 3. g3 Bg7 4. Bg2 O-O 5. Nc3 d6 6. Nf3 Nc6 7. O-O Bg4 8. d5  Na5 9. Nd2 c5 10. h3 Bd7 11. Qc2 e5 12. e4 Nh5 13. b3 f5 14. exf5 gxf5 15. Bb2  b6 16. Rae1 Nb7 17. Ne2 Qg5 18. f4 Qh6 19. Nf3 Rae8 20. Bc1 e4 21. Ng5 Qg6 22.  g4 fxg4 23. Bxe4 Bf5 24. hxg4 Bxe4 25. gxh5 Qxg5+ 26. fxg5 Rxf1+ 0-1

[Event "Skopje ol (Men) fin-A"]
[Site "Skopje"]
[Date "1972.10.10"]
[Round "13.4"]
[White "Vogt, Lothar"]
[Black "Rukavina, Josip"]
[Result "1-0"]
[WhiteElo "2390"]
[BlackElo "2480"]

1. e4 c6 2. d4 d5 3. Nc3 dxe4 4. Nxe4 Bf5 5. Ng3 Bg6 6. h4 h6 7. Nf3 Nd7 8. h5  Bh7 9. Bd3 Bxd3 10. Qxd3 Ngf6 11. Bf4 Qa5+ 12. Bd2 Qc7 13. O-O-O e6 14. Qe2 c5  15. Kb1 O-O-O 16. c4 a6 17. Ne5 Nxe5 18. dxe5 Nd7 19. f4 Be7 20. Ne4 Nb8 21.  Bc3 Rhg8 22. Qe3 b6 23. g4 Nc6 24. a3 a5 25. Kc2 a4 26. Rxd8+ Rxd8 27. Rd1 Rxd1  28. Kxd1 Nd8 29. Nd2 Kd7 30. Qe4 Ke8 31. Ke2 Qa7 32. f5 Qd7 33. f6 gxf6 34.  exf6 Bf8 35. Qa8 Bd6 36. g5 e5 37. gxh6 Qf5 38. Qf3 Qh7 39. Qd5 Bc7 40. Bxe5  1-0

[Event "Skopje ol (Men) fin-A"]
[Site "Skopje"]
[Date "1972.10.11"]
[Round "14.1"]
[White "Hug, Werner"]
[Black "Hort, Vlastimil"]
[Result "0-1"]
[WhiteElo "2475"]
[BlackElo "2600"]

1. c4 Nf6 2. Nf3 e6 3. g3 b6 4. Bg2 Bb7 5. O-O Be7 6. d4 O-O 7. Nc3 Ne4 8. Nxe4  Bxe4 9. Bf4 d6 10. Qd2 Nd7 11. Rfd1 h6 12. Ne1 f5 13. Bxe4 fxe4 14. Qc2 Nf6 15.  f3 g5 16. Be3 Qe8 17. Kg2 Qh5 18. h3 Qg6 19. Rac1 Rf7 20. fxe4 g4 21. h4 e5 22.  Qd3 Nxe4 23. Nc2 Raf8 24. Bg1 Bxh4 25. gxh4 Rf3 26. Ne3 Rg3+ 27. Kh1 Rf2 0-1

[Event "Skopje ol (Men) fin-A"]
[Site "Skopje"]
[Date "1972.10.11"]
[Round "14.1"]
[White "Schmidt, Wlodzimierz"]
[Black "Ivkov, Borislav"]
[Result "1/2-1/2"]
[WhiteElo "2450"]
[BlackElo "2520"]

1. Nf3 g6 2. c4 Bg7 3. d4 c5 4. e4 cxd4 5. Nxd4 Nc6 6. Be3 Nf6 7. Nc3 d6 8. Be2  O-O 9. O-O Nxd4 10. Bxd4 Bd7 11. f3 Bc6 12. Qd2 a5 13. b3 Nd7 14. Bxg7 Kxg7 15.  Qe3 Qb6 16. Qxb6 Nxb6 17. a3 Rfc8 18. Rfc1 Kf8 19. Kf2 Rc7 20. Nd1 Bd7 21. Ne3  Be6 22. Rc2 Rac8 23. Rac1 Kg7 24. Ke1 f5 25. exf5 Bxf5 26. Nxf5+ gxf5 27. Bd3  e6 28. f4 Kf6 29. Kd2 h5 30. Ke3 h4 31. g3 Rg7 32. Rg1 e5 33. fxe5+ dxe5 34.  Rf1 hxg3 35. Bxf5 Rcc7 36. Be4+ Ke6 37. hxg3 Rxg3+ 38. Rf3 Rxf3+ 39. Kxf3 a4  40. bxa4 Nxc4 41. Bxb7 Rf7+ 42. Ke2 Rxb7 1/2-1/2

[Event "Skopje ol (Men) fin-A"]
[Site "Skopje"]
[Date "1972.10.11"]
[Round "14.1"]
[White "Uhlmann, Wolfgang"]
[Black "Byrne, Robert E"]
[Result "1/2-1/2"]
[WhiteElo "2530"]
[BlackElo "2560"]

1. c4 Nf6 2. d4 e6 3. Nf3 d5 4. Nc3 Be7 5. Bg5 O-O 6. e3 Nbd7 7. Rc1 a6 8. b3  b6 9. Bd3 Bb7 10. cxd5 exd5 11. O-O Re8 12. Bb1 Nf8 13. Ne5 N6d7 14. Bxe7 Rxe7  15. f4 f6 16. Nxd7 Qxd7 17. Rf3 Rae8 18. Qd3 Qd6 19. Nd1 1/2-1/2

[Event "Skopje ol (Men) fin-A"]
[Site "Skopje"]
[Date "1972.10.11"]
[Round "14.2"]
[White "Benko, Pal C"]
[Black "Malich, Burkhard"]
[Result "1-0"]
[WhiteElo "2515"]
[BlackElo "2490"]

1. g3 e5 2. c4 Nf6 3. Bg2 Nc6 4. Nf3 Bc5 5. Nc3 d6 6. d3 h6 7. O-O O-O 8. Na4  Qe7 9. e3 a5 10. b3 Re8 11. Bb2 Bf5 12. a3 Ba7 13. Nc3 Qd7 14. Re1 Bh3 15. Bh1  Bg4 16. Qc2 Nh7 17. Nb5 Re7 18. h4 Nf8 19. d4 f6 20. d5 Nd8 21. Nh2 g5 22. hxg5  hxg5 23. Nxg4 Qxg4 24. Be4 Nf7 25. Kg2 Qd7 26. Rh1 Nh8 27. Rh6 Kg7 28. Rah1 Nf7  29. R6h5 Bb6 30. Bf5 Qe8 31. Qe4 Bc5 32. Be6 c6 33. Rh7+ Nxh7 34. Rxh7+ Kf8 35.  Qg6 Rxe6 36. Nc7 1-0

[Event "Skopje ol (Men) fin-A"]
[Site "Skopje"]
[Date "1972.10.11"]
[Round "14.2"]
[White "Ciocaltea, Victor"]
[Black "Darga, Klaus"]
[Result "1-0"]
[WhiteElo "2470"]
[BlackElo "2540"]

1. e4 c5 2. Nf3 e6 3. Nc3 Nc6 4. Bb5 Nge7 5. O-O a6 6. Bxc6 Nxc6 7. b3 Be7 8.  Bb2 O-O 9. d4 cxd4 10. Nxd4 d5 11. exd5 exd5 12. Re1 Bf6 13. Na4 Qd6 14. Nxc6  bxc6 15. Bd4 Bxd4 16. Qxd4 Qg6 17. Re3 Qxc2 18. Nc5 Bf5 19. Rae1 a5 20. R3e2  1-0

[Event "Skopje ol (Men) fin-A"]
[Site "Skopje"]
[Date "1972.10.11"]
[Round "14.2"]
[White "Filip, Miroslav"]
[Black "Lombard, Andre"]
[Result "1/2-1/2"]
[WhiteElo "2510"]
[BlackElo "2380"]

1. c4 b6 2. d4 Bb7 3. Nf3 e6 4. g3 Nf6 5. Bg2 Be7 6. O-O O-O 7. Nc3 Ne4 8. Bd2  d6 9. d5 Nxd2 10. Nxd2 c6 11. dxc6 Nxc6 12. Qa4 Qd7 13. Rfd1 Rfd8 14. Rac1 Rab8  15. b4 Rbc8 16. a3 Bf8 17. f4 Qc7 18. Nde4 Qb8 19. Qc2 Ne7 20. Ng5 g6 21. Bxb7  Qxb7 22. Nce4 Nf5 23. Nf6+ Kh8 24. Qc3 Bg7 25. g4 Nh4 26. e4 h6 27. Ngh7 d5 28.  Qh3 dxc4 29. Rxd8+ Rxd8 30. Qxh4 Qc7 31. g5 h5 32. Nxh5 gxh5 33. Nf6 Bxf6 34.  gxf6 Rg8+ 35. Kh1 Rg6 36. Rg1 Kg8 37. Rxg6+ fxg6 38. Qg5 c3 39. Qxg6+ Kf8 40.  Qh6+ Kg8 41. Qg6+ Kf8 1/2-1/2

[Event "Skopje ol (Men) fin-A"]
[Site "Skopje"]
[Date "1972.10.11"]
[Round "14.2"]
[White "Jakobsen, Ole"]
[Black "Jansson, Borje"]
[Result "1/2-1/2"]
[WhiteElo "2440"]
[BlackElo "2410"]

1. Nf3 g6 2. g3 Bg7 3. Bg2 c5 4. O-O Nc6 5. d3 d6 6. c3 Nf6 7. a3 O-O 8. b4 Rb8  9. bxc5 dxc5 10. Bf4 Ra8 11. Ra2 Nd5 12. Bd2 Nc7 13. c4 b6 14. Bc3 Bb7 15. Bxg7  Kxg7 16. Nc3 Rb8 17. e3 e5 18. Rd2 Ne6 19. Re1 f6 20. Bh3 Bc8 21. Bg2 Bb7 22.  Qa4 Qe8 23. Red1 Rf7 24. Qc2 Rd8 25. Nd5 1/2-1/2

[Event "Skopje ol (Men) fin-A"]
[Site "Skopje"]
[Date "1972.10.11"]
[Round "14.2"]
[White "Ljubojevic, Ljubomir"]
[Black "Bednarski, Jacek B"]
[Result "1-0"]
[WhiteElo "2550"]
[BlackElo "2395"]

1. e4 e6 2. Nf3 d5 3. Nc3 Nf6 4. e5 Nfd7 5. d4 c5 6. dxc5 Nc6 7. Bf4 Bxc5 8.  Bd3 f6 9. exf6 Nxf6 10. O-O O-O 11. Ne5 Ne4 12. Bxe4 Rxf4 13. Nd3 Bxf2+ 14.  Rxf2 Rxf2 15. Bxh7+ Kxh7 16. Qh5+ Kg8 17. Nxf2 e5 18. Rd1 d4 19. Nfe4 Qe7 20.  Rf1 dxc3 21. Ng5 Qxg5 22. Qxg5 cxb2 23. Rb1 Be6 24. Rxb2 b6 25. Qg6 Bd7 26. c3  Re8 27. Rd2 Re6 28. Qg4 Bc8 29. Rf2 Ne7 30. Qa4 Nc6 31. h4 Bd7 32. h5 e4 33.  Re2 e3 34. Qf4 Bc8 35. Rxe3 1-0

[Event "Skopje ol (Men) fin-A"]
[Site "Skopje"]
[Date "1972.10.11"]
[Round "14.2"]
[White "Medina Garcia, Antonio Angel"]
[Black "Tringov, Georgi P"]
[Result "1-0"]
[WhiteElo "2380"]
[BlackElo "2460"]

1. e4 c5 2. Nf3 e6 3. d4 cxd4 4. Nxd4 Nf6 5. Nc3 d6 6. g4 a6 7. g5 Nfd7 8. Bg2  Be7 9. f4 Nc6 10. Be3 O-O 11. h4 Re8 12. O-O Bf8 13. Qf3 Qc7 14. Rad1 Rb8 15.  h5 Nxd4 16. Bxd4 b5 17. f5 Ne5 18. Qg3 b4 19. Ne2 Nc6 20. Bxg7 Kxg7 21. f6+ Kh8  22. Nf4 Ne5 23. Qh4 Bb7 24. Rd3 Nxd3 25. cxd3 d5 26. Kh1 dxe4 27. dxe4 Bd6 28.  g6 Bxf4 29. Rxf4 Rbd8 30. Qg5 Rd1+ 31. Kh2 Rd2 32. Qh6 fxg6 33. hxg6 Rxg2+ 34.  Kxg2 Qc2+ 35. Kg3 Qd3+ 36. Rf3 Qd6+ 37. Kh3 1-0

[Event "Skopje ol (Men) fin-A"]
[Site "Skopje"]
[Date "1972.10.11"]
[Round "14.2"]
[White "Rubinetti, Jorge Alberto"]
[Black "Korchnoi, Viktor"]
[Result "1/2-1/2"]
[WhiteElo "2410"]
[BlackElo "2640"]

1. d4 Nf6 2. c4 e6 3. g3 d5 4. Bg2 dxc4 5. Qa4+ Nbd7 6. Qxc4 c5 7. dxc5 Bxc5 8.  Nf3 Qc7 9. Nbd2 O-O 10. O-O Nb6 11. Qh4 Be7 12. Nb3 Nfd5 13. Bg5 f6 14. Bd2 Qc4  15. e4 f5 16. Ng5 h6 17. exd5 hxg5 18. Bxg5 Qxh4 19. gxh4 Bxg5 20. hxg5 exd5  21. f4 Bd7 22. Nd4 Rfe8 23. Kf2 Kf8 24. b3 Ke7 25. Rfe1+ Kd6 26. Rxe8 Rxe8 27.  Rc1 Nc8 28. Bf3 Ne7 29. h4 g6 30. a3 Rh8 31. Kg3 a6 32. b4 Ba4 1/2-1/2

[Event "Skopje ol (Men) fin-A"]
[Site "Skopje"]
[Date "1972.10.11"]
[Round "14.3"]
[White "Pfleger, Helmut"]
[Black "Ghizdavu, Dumitru"]
[Result "1-0"]
[WhiteElo "2545"]
[BlackElo "2385"]

1. d4 Nf6 2. g3 g6 3. Bg2 Bg7 4. e4 d6 5. Ne2 O-O 6. O-O c6 7. Nd2 Qc7 8. b3 a6  9. Bb2 Nbd7 10. c4 c5 11. Qc2 cxd4 12. Nxd4 Nc5 13. h3 Bd7 14. a4 Rab8 15. b4  Ne6 16. Rfe1 Rfc8 17. e5 Ne8 18. exd6 exd6 19. Nxe6 Bxe6 20. Bxg7 Nxg7 21. Rac1  b5 22. axb5 axb5 23. c5 dxc5 24. bxc5 b4 25. Ne4 b3 26. Qb2 Qa5 27. Ra1 Qb4 28.  c6 Kh8 29. Ng5 Bc4 30. Re4 Qb5 31. Re5 Qb6 32. Re7 Rc7 33. Rae1 Kg8 34. Kh2 h6  35. Rxc7 Qxc7 36. Ne4 Ne8 37. Nc5 Qd6 38. Nd7 Rc8 39. Re5 Be6 40. Nc5 Bc4 41.  Ne4 Qb4 1-0

[Event "Skopje ol (Men) fin-A"]
[Site "Skopje"]
[Date "1972.10.11"]
[Round "14.3"]
[White "Pytel, Krzysztof"]
[Black "Matanovic, Aleksandar"]
[Result "1/2-1/2"]
[WhiteElo "2380"]
[BlackElo "2515"]

1. c4 Nf6 2. Nf3 e6 3. g3 b6 4. Bg2 Bb7 5. O-O Be7 6. Nc3 O-O 7. d4 Ne4 8. Bd2  Nxc3 9. Bxc3 d5 10. cxd5 exd5 11. Ne5 Nd7 12. Nd3 Re8 13. Rc1 c6 14. e3 a5 15.  b3 Bd6 16. Bb2 Nf6 17. Re1 Rc8 18. Rc2 Qe7 19. Qc1 Rc7 20. Ne5 c5 21. Nf3 Ne4  22. Rd1 Rec8 23. Bh3 Ra8 24. a4 Re8 25. Bg2 Rec8 26. Bh3 Re8 27. Bg2 Rec8 28.  Bh3 Re8 1/2-1/2

[Event "Skopje ol (Men) fin-A"]
[Site "Skopje"]
[Date "1972.10.11"]
[Round "14.3"]
[White "Radulov, Ivan"]
[Black "Toran Albero, Roman"]
[Result "1-0"]
[WhiteElo "2490"]
[BlackElo "2420"]

1. e4 c5 2. Nf3 d6 3. d4 cxd4 4. Nxd4 Nf6 5. Nc3 e6 6. Bc4 a6 7. Bb3 Nc6 8. Be3  Na5 9. Qe2 b5 10. f3 Qc7 11. g4 Bb7 12. O-O-O Nxb3+ 13. axb3 Be7 14. h4 Nd7 15.  g5 b4 16. Na4 Nc5 17. h5 O-O-O 18. Kb1 g6 19. Qf2 Kb8 20. Ne2 Nxa4 21. bxa4 Rc8  22. Nc1 d5 23. Nd3 dxe4 24. fxe4 Ka8 25. Rhe1 Rhf8 26. Bb6 Qc6 27. Ne5 Qxa4 28.  b3 Qb5 29. Nd7 Rfe8 30. Qxf7 Qc6 31. Re2 Bd6 32. Bg1 Rcd8 33. Qf2 Bb8 34. Red2  1-0

[Event "Skopje ol (Men) fin-A"]
[Site "Skopje"]
[Date "1972.10.11"]
[Round "14.3"]
[White "Smyslov, Vassily"]
[Black "Debarnot, Roberto Luis"]
[Result "1/2-1/2"]
[WhiteElo "2620"]
[BlackElo "2375"]

1. c4 c5 2. Nf3 Nf6 3. Nc3 Nc6 4. d4 cxd4 5. Nxd4 g6 6. e4 Bg7 7. Be3 O-O 8.  Be2 d6 9. O-O Bd7 10. Rc1 Rc8 11. h3 Nxd4 12. Bxd4 Bc6 13. Qd3 a6 14. b4 b5 15.  cxb5 axb5 16. Qe3 Qd7 17. Bf3 e5 18. Bb6 Qe6 19. Qd3 Rfe8 20. Rfd1 Bf8 21. Be3  h6 22. Be2 Qd7 23. Nd5 Bxd5 24. exd5 Rxc1 25. Rxc1 Rb8 26. a3 Qf5 27. Qd2 h5  28. Rd1 Qc8 29. Qd3 Qb7 30. Bg5 Be7 31. Be3 Bd8 32. Kh1 Bb6 33. Qxb5 Bxe3 34.  Qxb7 Rxb7 35. fxe3 Ra7 36. Rd3 e4 37. Rb3 Nxd5 38. Bb5 Rc7 39. a4 Nc3 1/2-1/2

[Event "Skopje ol (Men) fin-A"]
[Site "Skopje"]
[Date "1972.10.11"]
[Round "14.3"]
[White "Wirthensohn, Heinz"]
[Black "Jansa, Vlastimil"]
[Result "0-1"]
[WhiteElo "2315"]
[BlackElo "2480"]

1. c4 e5 2. Nc3 d6 3. Nf3 Bg4 4. d4 Nd7 5. e3 Ngf6 6. Be2 c6 7. O-O Be7 8. b3  O-O 9. Bb2 Re8 10. Qc2 Bf8 11. dxe5 dxe5 12. Rad1 Qc7 13. Ng5 Bxe2 14. Nxe2 h6  15. Ne4 Nxe4 16. Qxe4 Nc5 17. Qg4 a5 18. Ng3 Qc8 19. Qxc8 Raxc8 20. Rd2 g6 21.  Rfd1 f5 22. Ba3 Nxb3 23. Rb2 Bxa3 24. Rxb3 Bb4 25. a3 Bc5 26. Rxb7 Bxa3 27.  Rdd7 Bf8 28. h4 h5 29. Ne2 a4 30. Nc3 a3 31. Rf7 Rb8 32. Rbc7 Rb3 33. Rf6 Rxc3  34. Rxg6+ Kh8 35. Rg5 Be7 36. Rxh5+ Kg7 37. Rg5+ Kh7 0-1

[Event "Skopje ol (Men) fin-A"]
[Site "Skopje"]
[Date "1972.10.11"]
[Round "14.4"]
[White "Bellon Lopez, Juan Manuel"]
[Black "Padevsky, Nikola"]
[Result "1-0"]
[WhiteElo "2385"]
[BlackElo "2430"]

1. b3 c5 2. Bb2 d5 3. e3 Nc6 4. Bb5 Qb6 5. a4 a6 6. Be2 Nf6 7. Nf3 e6 8. O-O  Be7 9. d3 O-O 10. Nbd2 Rd8 11. Ne5 Bd7 12. Qe1 Qc7 13. f4 d4 14. Qg3 dxe3 15.  Nxc6 Bxc6 16. Be5 Qb6 17. Nc4 Qa7 18. a5 Rf8 19. f5 Rae8 20. Rf4 g6 21. Qg5  exf5 22. Qh6 Bd8 23. Bb2 Re6 24. Rh4 Rfe8 25. Rf1 Be7 26. Rxf5 gxf5 27. Qg5+  Kh8 28. Qxf5 Kg8 29. Qg5+ 1-0

[Event "Skopje ol (Men) fin-A"]
[Site "Skopje"]
[Date "1972.10.11"]
[Round "14.4"]
[White "Csom, Istvan"]
[Black "Hartoch, Robert G"]
[Result "1/2-1/2"]
[WhiteElo "2485"]
[BlackElo "2430"]

1. Nf3 c5 2. g3 g6 3. Bg2 Bg7 4. O-O Nc6 5. d3 d6 6. c4 e5 7. Nc3 Nge7 8. a3  O-O 9. Rb1 a5 10. Ne1 Be6 11. Nd5 Rb8 12. Bd2 b5 13. Nxe7+ Nxe7 14. cxb5 Rxb5  15. b4 axb4 16. axb4 c4 17. dxc4 Bxc4 18. Nc2 1/2-1/2

[Event "Skopje ol (Men) fin-A"]
[Site "Skopje"]
[Date "1972.10.11"]
[Round "14.4"]
[White "Pedersen, Eigil"]
[Black "Olsson, Ake"]
[Result "1-0"]
[WhiteElo "2370"]
[BlackElo "2380"]

1. e4 e5 2. Nf3 Nc6 3. Bb5 Nf6 4. d3 d6 5. c3 g6 6. Nbd2 Bg7 7. Nf1 Bd7 8. Ng3  Qe7 9. a4 a6 10. Bc4 Be6 11. Bxe6 Qxe6 12. O-O d5 13. exd5 Qxd5 14. c4 Qd6 15.  Ne4 Nxe4 16. dxe4 O-O-O 17. Qxd6 Rxd6 18. Be3 a5 19. Rfd1 Rhd8 20. Rxd6 Rxd6  21. Bd2 Nd4 22. Nxd4 Rxd4 23. Bxa5 Rxc4 24. f3 Bf8 25. Bc3 Bc5+ 26. Kf1 Bd4 27.  Ra3 Bxc3 28. bxc3 f5 29. exf5 gxf5 30. Ke2 e4 31. fxe4 fxe4 32. Ke3 Kd7 33. a5  Kd6 34. a6 bxa6 35. Rxa6+ Ke5 36. Ra5+ Kf6 37. Ra6+ Kf5 38. Ra5+ Kg6 39. Ra6+  c6 40. Ra8 Kf5 41. Ra5+ Kf6 42. Ra3 Ke5 43. Ra5+ Kf6 44. Kd2 c5 45. Kc2 e3 46.  Kd3 e2 47. Ra1 Ra4 48. Re1 Ke5 49. Rxe2+ Kd5 50. Rf2 c4+ 51. Ke3 Ra3 52. Rc2  Ra7 53. Rd2+ Kc5 54. Rf2 Re7+ 55. Kd2 Rd7+ 56. Kc2 Ra7 57. Rf5+ Kd6 58. Kb2  Rb7+ 59. Kc1 Ra7 60. g4 Ke6 61. h3 Rd7 62. Kc2 Rd8 63. Rc5 Rd3 64. h4 Rh3 65.  Rh5 Rh2+ 66. Kc1 Rg2 67. g5 Rg3 68. Kc2 Rh3 69. Rxh7 Ke5 70. g6 Ke4 71. Re7+  Kf5 72. g7 Rg3 73. h5 Kf6 74. Rc7 1-0

[Event "Skopje ol (Men) fin-A"]
[Site "Skopje"]
[Date "1972.10.11"]
[Round "14.4"]
[White "Trapl, Jindrich"]
[Black "Gereben, Erno"]
[Result "1/2-1/2"]
[WhiteElo "2315"]
[BlackElo "2335"]

1. c4 Nf6 2. Nc3 e5 3. g3 Nc6 4. Bg2 d6 5. d3 Be7 6. e3 O-O 7. Nge2 Be6 8. Nd5  Qd7 9. h3 Bd8 10. e4 Ne8 11. g4 Ne7 12. f4 Ng6 13. f5 Bxd5 14. cxd5 Nh4 15. O-O  Nxg2 16. Kxg2 c6 17. dxc6 bxc6 18. Ng3 Bb6 19. f6 Nxf6 20. Rxf6 gxf6 21. Bh6  Rfe8 22. Nf5 Re6 23. Qd2 d5 24. g5 dxe4 25. gxf6 Rxf6 26. dxe4 Qxd2+ 27. Bxd2  Rxf5 28. exf5 Rd8 29. Bh6 f6 30. Rc1 c5 31. Rc2 Kf7 32. b3 Rd3 33. Rd2 Rxd2+  34. Bxd2 Ke7 35. Kf3 Kd6 36. Ke2 Kc6 37. Bh6 Bd8 38. Bf8 a6 39. a3 Kd7 40. Bxc5  Be7 1/2-1/2

[Event "Skopje ol (Men) fin-A"]
[Site "Skopje"]
[Date "1972.10.12"]
[Round "15.1"]
[White "Garcia, Raimundo"]
[Black "Bobotsov, Milko G"]
[Result "1/2-1/2"]
[WhiteElo "2420"]
[BlackElo "2455"]

1. Nf3 c5 2. g3 Nc6 3. Bg2 g6 4. O-O Bg7 5. d3 d6 6. e4 e5 7. Nh4 Nge7 8. Nc3  O-O 9. f4 exf4 10. Bxf4 h6 11. Be3 Ne5 12. h3 Kh7 13. Nf3 N7c6 14. Qd2 Nxf3+  15. Rxf3 Ne5 16. Rf2 Be6 17. Raf1 a6 18. Ne2 Qd7 19. Nf4 Rac8 1/2-1/2